|
|
|
|
| LEADER |
00000nam a2200000Ii 4500 |
| 001 |
DIGABYALA0386 |
| 003 |
NyNyDIG |
| 006 |
m o d |
| 007 |
cr ||||||||||| |
| 008 |
240404s2023 ec ab ob 000 0 spa d |
| 035 |
|
|
|a (OCoLC)1422746432
|
| 040 |
|
|
|a DGITA
|b eng
|e rda
|e pn
|c DGITA
|
| 020 |
|
|
|a 9789942098542
|q digital
|
| 020 |
|
|
|z 9789942098535
|
| 043 |
|
|
|a s-ec---
|
| 050 |
1 |
4 |
|a KI280 ebook
|
| 100 |
1 |
|
|a Martínez Novo, Carmen,
|d 1966-
|
| 240 |
1 |
0 |
|a Undoing multiculturalism.
|l Spanish
|s (Macías)
|
| 245 |
1 |
3 |
|a El desmantelamiento del multiculturalismo :
|b extractivismo y derechos indígenas en Ecuador /
|c Carmen Martínez Novo ; Flavia Macías (traductora).
|
| 250 |
|
|
|a 1ra edición.
|
| 264 |
|
1 |
|a Quito, Ecuador :
|b Abya Yala,
|c 2023.
|
| 300 |
|
|
|a 1 online resource :
|b illustrations, maps.
|
| 336 |
|
|
|a text
|b txt
|2 rdacontent
|
| 337 |
|
|
|a computer
|b c
|2 rdamedia
|
| 338 |
|
|
|a online resource
|b cr
|2 rdacarrier
|
| 347 |
|
|
|a text file
|2 rdaft
|
| 347 |
|
|
|b PDF
|
| 504 |
|
|
|a Includes bibliographical references.
|
| 588 |
0 |
|
|a Online resource; title from PDF title page (Digitalia, viewed April 4, 2024)
|
| 650 |
|
0 |
|a Multiculturalism
|z Ecuador.
|
| 650 |
|
0 |
|a Indians of South America
|x Government policy
|z Ecuador.
|
| 650 |
|
0 |
|a Indians of South America
|x Civil rights
|z Ecuador.
|
| 700 |
1 |
|
|a Macías, Flavia,
|e translator.
|
| 700 |
1 |
|
|i Translation of:
|a Martínez Novo, Carmen, 1966-
|t Undoing multiculturalism.
|
| 791 |
2 |
|
|a Digitalia (Firm),
|e distributor.
|
| 793 |
0 |
|
|g Digitalia eBook Collection:
|a Ediciones Abya-Yala
|
| 776 |
0 |
8 |
|i Print version:
|a Martínez Novo, Carmen, 1966-
|s Undoing multiculturalism. Spanish (Macías).
|t Desmantelamiento del multiculturalismo.
|b 1ra edición.
|d Quito, Ecuador : Abya Yala, 2023
|z 9789942098535
|
| 856 |
4 |
0 |
|3 Digitalia Hispánica
|u https://www.digitaliapublishing.com/a/136921/
|
| 910 |
|
|
|a Premium collection: 2024
|